|
|
|
|
| LEADER |
00000nas a2200000 i 4500 |
| 001 |
ssj0001507130 |
| 003 |
WaSeSS |
| 005 |
20200512172242.0 |
| 006 |
m d |
| 007 |
cr n |
| 008 |
150506c20uu9999bl fr p|s|||||| |0por d |
| 022 |
|
|
|a 1984-3542
|l 1809-6867
|y 1809-6867
|
| 035 |
|
|
|a (WaSeSS)ssj0001507130
|
| 040 |
|
|
|a WaSeSS
|b eng
|c WaSeSS
|d WaSeSS
|
| 050 |
|
4 |
|a BF203
|
| 210 |
1 |
|
|a Rev. Abordagem Gestált., Phenomenol. Stud.
|b (Online)
|
| 222 |
|
0 |
|a Revista da Abordagem Gestáltica : Phenomenological Studies
|b (Online)
|
| 245 |
0 |
0 |
|a Revista da abordagem gestaltica
|h [electronic resource].
|
| 260 |
|
|
|a Goiânia, Brazil :
|b Instituto de Treinamento e Pesquisa em Gestalt-terapia de Goiânia
|
| 310 |
|
|
|a Semiannual
|
| 506 |
|
|
|a License restrictions may limit access.
|
| 588 |
|
|
|a Description based on: XIII (1) (janeiro/junho 9/11, 2007); title from article pdf (ProQuest, viewed May 6, 2015).
|
| 588 |
|
|
|a Latest issue consulted: XX (1) (janeiro/junho 3/12, 2014) (viewed May 6, 2015).
|
| 650 |
|
0 |
|a Gestalt psychology
|v Periodicals.
|
| 650 |
|
0 |
|a Psychotherapy
|v Periodicals.
|
| 655 |
|
0 |
|a Electronic journals.
|
| 776 |
0 |
8 |
|i Print version:
|t Revista da abordagem gestaltica
|x 1809-6867
|
| 856 |
4 |
0 |
|z Full text available from Research Library: 01/01/2007 to present
|u https://search.proquest.com/publication/2032549
|